Rasty angažovanosti

Viceprezident Všeobecnej úverovej banky Ing. František Palič o vytvorení štandardného systému riadenia menových operácií a o zmenách v úverovej a úrokovej politike VÚB. Minimalizácia rizík aktívnych obchodov.

Salvato in:
Dettagli Bibliografici
Autore principale: Palič, F.
Altri autori: Herzogová, Emília
Natura: Capitolo di libro
Lingua:slovacco
Soggetti:
Tags: Aggiungi Tag
Nessun Tag, puoi essere il primo ad aggiungerne!!

MARC

LEADER 00000naa a2200000 4500
001 r022493
005 20230801104552.6
041 0 |a slo 
044 |a SK 
245 1 0 |a Rasty angažovanosti  |c F. Palič, Emília Herzogová 
520 |a Viceprezident Všeobecnej úverovej banky Ing. František Palič o vytvorení štandardného systému riadenia menových operácií a o zmenách v úverovej a úrokovej politike VÚB. Minimalizácia rizík aktívnych obchodov. 
610 2 0 |a Slovensko 
610 2 0 |a 1996 
610 2 0 |a banky obchodné 
610 2 0 |a VÚB, a.s. Bratislava 
100 1 |a Palič, F. 
700 1 |a Herzogová, Emília